header

Educating artists for the future (Record no. 39746)

MARC details
000 -LEADER
fixed length control field 01236nam a2200301Ia 4500
245 00 - TITLE STATEMENT
Title Educating artists for the future
260 ## - PUBLICATION, DISTRIBUTION, ETC. (IMPRINT)
Place of publication Bristol, U.K. ;
-- Chicago, Ill. :
Name of publisher Intellect,
Year of publication 2008.
300 ## - PHYSICAL DESCRIPTION
Number of Pages 344 p. :
Other physical details ill.
650 #0 - SUBJECT ADDED ENTRY--TOPICAL TERM
Topical Term Art and technology.
Topical Term Artists
Topical Term Art and design
700 1# - ADDED ENTRY--PERSONAL NAME
Personal name Alexenberg, Melvin L.
856 40 - ELECTRONIC LOCATION AND ACCESS
Uniform Resource Identifier http://site.ebrary.com/lib/rucke/Doc?id=10231485

No items available.

© 2026 Rongo University
Contact us: librarian | system librarian | Rongo university